<?xml version="1.0" encoding="utf-8"?>
<?xml-stylesheet type='text/xsl' href='./oai2.xsl'?>
<OAI-PMH xmlns="http://www.openarchives.org/OAI/2.0/" xmlns:xsi="http://www.w3.org/2001/XMLSchema-instance" xsi:schemaLocation="http://www.openarchives.org/OAI/2.0/ http://www.openarchives.org/OAI/2.0/OAI-PMH.xsd">
  <responseDate>2026-06-07T16:24:45Z</responseDate>
  <request verb="GetRecord" metadataPrefix="marcxml" identifier="record_kuniweb_1377382">https://kulturerbe.niedersachsen.de/oai</request>
  <GetRecord>
    <record>
      <header>
        <identifier>record_kuniweb_1377382</identifier>
        <datestamp>2024-02-22T10:22:04Z</datestamp>
        <setSpec>slg0242</setSpec>
      </header>
      <metadata>
        <marc:record xmlns:marc="http://www.loc.gov/MARC21/slim" xsi:schemaLocation="http://www.loc.gov/MARC21/slim http://www.loc.gov/standards/marcxml/schema/MARC21slim.xsd">
          <marc:leader>12345nrm  22     uu 4500</marc:leader>
          <marc:controlfield tag="001">1377382</marc:controlfield>
          <marc:controlfield tag="003">http://kuniweb.gbv.de</marc:controlfield>
          <marc:controlfield tag="005">2020-12-14T11:11:31</marc:controlfield>
          <marc:controlfield tag="008">|           ||||||||||||||||||||||</marc:controlfield>
          <marc:datafield tag="245" ind1="1" ind2="0">
            <marc:subfield code="a">Kugeltopf</marc:subfield>
          </marc:datafield>
          <marc:datafield tag="655" ind1=" " ind2="7">
            <marc:subfield code="a">Archäologie</marc:subfield>
          </marc:datafield>
          <marc:datafield tag="046" ind1=" " ind2=" ">
            <marc:subfield code="k">1250</marc:subfield>
            <marc:subfield code="k">ca. 1250 - ca. 1400</marc:subfield>
            <marc:subfield code="l">1400</marc:subfield>
          </marc:datafield>
          <marc:datafield tag="260" ind1=" " ind2=" ">
            <marc:subfield code="g">1250</marc:subfield>
            <marc:subfield code="g">1400</marc:subfield>
            <marc:subfield code="g">ca. 1250 - ca. 1400</marc:subfield>
          </marc:datafield>
          <marc:datafield tag="300" ind1=" " ind2=" ">
            <marc:subfield code="a">Höhe: 18 cm
Durchmesser: 13,5 cm (Mündung)
Durchmesser: 18,8 cm (Bauch)</marc:subfield>
          </marc:datafield>
          <marc:datafield tag="520" ind1=" " ind2=" ">
            <marc:subfield code="a">Der hier vorgestellte Kugeltopf stammt aus dem Bereich der Dammburg, einer fast vergessenen Burganlage am nordöstlichen Ortsrand von Alt Isenhagen (dazu Literatur H.-W. Heine 1993). 

Kugeltöpfe waren die keramische Standardform des gesamten Mittelalters. Es handelte sich um Kochgeschirr, das im offenen Herdfeuer sicher stand und eine gleichmäßige Erwärmung der Speisen ermöglichte. Die nach ihrer kugeligen Gestalt benannten Gefäße erscheinen im Laufe des 8./9. Jahrhunderts und werden erst im späten Mittelalter von sogenannten Grapen abgelöst. Kugeltöpfe mit konischer Riefenzone lassen sich ab der zweiten Hälfte des 13. Jahrhunderts fassen.  (Eichfeld u. Baier 12/2020)

Ausgrabungs- / Untersuchungsdatum: 1986 - 1990

Beschrieben in:
H. -W. Heine, „Archäologische Untersuchungen aud der Dammburg bei Alt-Isenhagen (Hankensbüttel, Ldkr. Gifhorn)“. Theiss, Stuttgart, 1993.

Literatur in Zusammenhang:
S. König, „.. lütken Freden wisk .. : die mittelalterliche Siedlung Klein Freden bei Salzgitter vom 9. - 13. Jahrhundert ; Siedlung - Fronhof - Pferdehaltung. Materialhefte zur Ur- und Frühgeschichte Niedersachsens ; 36“. Leidorf, Rahden/Westf., 2007.</marc:subfield>
          </marc:datafield>
          <marc:datafield tag="773" ind1="0" ind2=" ">
            <marc:subfield code="t">Archäologische Sammlung</marc:subfield>
          </marc:datafield>
          <marc:datafield tag="852" ind1=" " ind2=" ">
            <marc:subfield code="a">Historisches Museum Schloss Gifhorn</marc:subfield>
          </marc:datafield>
          <marc:datafield tag="852" ind1=" " ind2=" ">
            <marc:subfield code="a">Alt Isenhagen (Hankensbüttel, Gifhorn, Niedersachsen)</marc:subfield>
          </marc:datafield>
          <marc:datafield tag="" ind1=" " ind2=" ">
            <marc:subfield code="a">Namensnennung - Weitergabe unter gleichen Bedingungen 4.0 International (CC BY-SA 4.0)</marc:subfield>
          </marc:datafield>
        </marc:record>
      </metadata>
    </record>
  </GetRecord>
</OAI-PMH>
